000 01094njm a22002897a 4500
005 20100909110752.0
007 sd ammalaaahaa
008 100907t xxu||||| |||| 00| 0 eng d
028 _aN. 1947
_bHis Master's Voice
035 _aGR-02457
040 _aSED/VEN
100 _aPaul, Gurpal Singh
_918700
245 _aPunjabi /
_cby Gurpal Singh paul;music by Sohan Lal; lyrics Nandlal
246 _aपंजाबी/गुरपाल सिंह पुल द्वारा
260 _aHisMaster's Voice
_bodeon
300 _a1 Sound Disc [Gramophone Record] :
_banalog.45 rpm
_c7.5 in (SP)
_fGramophone Record
500 _aBrief Record
505 _aSide 1- दशमेश दी चली (Dashmesh di chali)--Side-२ डेट दियां (Date diyan)(Gurpal singh paul)
650 _aClassical Music
_xExcerpts
_zIndia
_918707
700 _918701
_aLal, Sohan
700 _918729
_aNandlal
700 _919930
700 _918702
700 _919401
942 _2ddc
_cGR
999 _c45714
_d45714